The great sheep race / (Record no. 1905)

MARC details
000 -LEADER
fixed length control field 00942pam a2200313 a 4500
003 - CONTROL NUMBER IDENTIFIER
control field Uk
005 - DATE AND TIME OF LATEST TRANSACTION
control field 20231009125646.0
020 ## - INTERNATIONAL STANDARD BOOK NUMBER
International Standard Book Number 9781409504337 (pbk.) :
020 ## - INTERNATIONAL STANDARD BOOK NUMBER
International Standard Book Number 1409504336 (pbk.) :
020 ## - INTERNATIONAL STANDARD BOOK NUMBER
International Standard Book Number 9781409504337
040 ## - CATALOGING SOURCE
Original cataloging agency StDuBDS
Language of cataloging eng
Transcribing agency StDuBDS
Modifying agency Uk
-- FISKH
050 ## - LIBRARY OF CONGRESS CALL NUMBER
Classification number PZ7
082 04 - DEWEY DECIMAL CLASSIFICATION NUMBER
Classification number 823.914
Edition number 22
100 1# - MAIN ENTRY--PERSONAL NAME
Personal name Kimpton, Diana.
245 14 - TITLE STATEMENT
Title The great sheep race /
Statement of responsibility, etc. Diana Kimpton ; illustrated by Desideria Gucciardini.
260 ## - PUBLICATION, DISTRIBUTION, ETC.
Place of publication, distribution, etc. London :
Name of publisher, distributor, etc. Usborne,
Date of publication, distribution, etc. 2010.
300 ## - PHYSICAL DESCRIPTION
Extent 110 pages :
Other physical details illustrations ;
Dimensions 20 cm
490 0# - SERIES STATEMENT
Series statement Amy Wild, animal talker
505 ## - FORMATTED CONTENTS NOTE
Formatted contents note K
521 ## - TARGET AUDIENCE NOTE
Target audience note 600 <br/>
Source Lexile
521 ## - TARGET AUDIENCE NOTE
Target audience note K <br/>
Source Raz-Plus
650 #0 - SUBJECT ADDED ENTRY--TOPICAL TERM
Topical term or geographic name entry element Wild, Amy (Fictitious character)
Form subdivision Juvenile fiction.
650 #0 - SUBJECT ADDED ENTRY--TOPICAL TERM
Topical term or geographic name entry element Human-animal communication
Form subdivision Juvenile fiction.
650 #0 - SUBJECT ADDED ENTRY--TOPICAL TERM
Topical term or geographic name entry element Sheep
Form subdivision Juvenile fiction.
655 #0 - INDEX TERM--GENRE/FORM
Genre/form data or focus term Children's stories.
700 ## - ADDED ENTRY--PERSONAL NAME
Personal name Gucciardini, Desideria
Relator term illustrator
942 ## - ADDED ENTRY ELEMENTS (KOHA)
Source of classification or shelving scheme Library of Congress Classification
Koha item type Books
Suppress in OPAC No
999 ## -
-- 1905
-- 1905
Holdings
Withdrawn status Lost status Source of classification or shelving scheme Damaged status Not for loan Collection Home library Current library Shelving location Date acquired Total Checkouts Full call number Barcode Date last seen Price effective from Koha item type
    Dewey Decimal Classification     Juvenile Fiction Footprints International School Library Network Toul Kork Campus Footprints International School Library Network Toul Kork Campus TK Primary Library Room(4th Floor), Bookcase 3&4, Shelves 17-32, Yellow Books 10/09/2023   KIM Fic PZ7 2023-0710 10/09/2023 10/09/2023 Books